banner-ar

الاتجاهات المعاصرة فى دراسة الاسرة / (Record no. 55756)

MARC details
000 -الفاتح
حقل البيانات ثابتة الطول 00784nam a2200241Ia 4500
008 - عناصر البيانات ثابتة الطول - معلومات عامة
حقل البيانات ثابتة الطول 140319s9999 xx 000 0 ara d
040 ## - مصدر الفهرسة
وكالة الفهرسة الأصلية GCL /
وكالة النسخ GCL
082 04 - رقم تصنيف ديوى العشرى
رقم التصنيف 301.42
رقم المادة ع ا
100 1# - المدخل الرئيسى - إسم شخصى
الإسم الشخصى علياء على شكرى
245 10 - بيان العنوان
العنوان الاتجاهات المعاصرة فى دراسة الاسرة /
بيان المسئوليه,etc علياء على شكرى
260 ## - PUBLICATION, DISTRIBUTION, ETC. (IMPRINT)
تاريخ النشر أو التوزيع 1994
300 ## - الوصف المادى
التعداد 344 ص
490 ## - بيان السلسلة
عنوان السلسلة سلسلة علم الاجتماع المعاصر
رقم المجلد/ التعيين التسلسلي 0
650 04 - المدخل الاضافى بالموضوع-مصطلح موضوعى
مصطلح موضوعي العلم
650 04 - المدخل الاضافى بالموضوع-مصطلح موضوعى
مصطلح موضوعي الاسرة
650 04 - المدخل الاضافى بالموضوع-مصطلح موضوعى
مصطلح موضوعي الطلاق
650 04 - المدخل الاضافى بالموضوع-مصطلح موضوعى
مصطلح موضوعي الزواج
650 04 - المدخل الاضافى بالموضوع-مصطلح موضوعى
مصطلح موضوعي العلاقات الاسرية
650 04 - المدخل الاضافى بالموضوع-مصطلح موضوعى
مصطلح موضوعي الاجتماع
650 04 - المدخل الاضافى بالموضوع-مصطلح موضوعى
مصطلح موضوعي تفكك
942 ## - عناصر المدخل الإضافي( كوها)
مصدر التصنيف او مخطط الترفيف Dewey Decimal Classification
Koha [default] item type كتاب
100 1# - المدخل الرئيسى - إسم شخصى
-- Contributor
--
-- …شارك
260 ## - PUBLICATION, DISTRIBUTION, ETC. (IMPRINT)
-- [S.N] :
-- دار المعرفة الجامعية ،
Holdings
حالة التراجع حالة الفقد حالة تلف ليس للاعارة المكان المؤقت الموقع الحالى تاريخ الاكتساب اجمالي اﻻعارات رقم الطلب الباركود تاريخ اخر مشاهدة تاريخ تفعيل السعر نوع وعاء كوها
        مكتبة القاهرة الكبرى مكتبة القاهرة الكبرى 03/26/2014   301.42\ع ا 133847 03/26/2014 03/26/2014 كتاب

Powered By

EGPV